Khảo sát khả năng hấp thu đạm, lân từ các hợp chất hữu cơ hòa tan trong nước thải ao nuôi cá tra (Pangasianodon hypophthalmus) của vetiver (Vetiver zizanioides) và lục bình (Eichhorina crassipes) Luận văn Thạc sĩ Khoa học Nông nghiệp. Chuyên ngành: Khoa học đất

Đề tài giới thiệu tổng quan về nghề nuôi cá tra, đặc điểm môi trường ao nuôi thủy sản, xử lý nước thải trong đất ngập nước.

Kaydedildi:
Detaylı Bibliyografya
Yazar: Châu, Thị Nhiên
Materyal Türü: Kitap
Dil:Undetermined
Baskı/Yayın Bilgisi: Cần Thơ Đại học Cần Thơ 2011
Konular:
Etiketler: Etiketle
Etiket eklenmemiş, İlk siz ekleyin!
Thư viện lưu trữ: Trung tâm Học liệu Trường Đại học Cần Thơ
LEADER 01241nam a2200217Ia 4500
001 CTU_172506
008 210402s9999 xx 000 0 und d
082 |a 639.31 
082 |b Nh305 
088 |a 60620103 
100 |a Châu, Thị Nhiên 
245 0 |a Khảo sát khả năng hấp thu đạm, lân từ các hợp chất hữu cơ hòa tan trong nước thải ao nuôi cá tra (Pangasianodon hypophthalmus) của vetiver (Vetiver zizanioides) và lục bình (Eichhorina crassipes) 
245 0 |b Luận văn Thạc sĩ Khoa học Nông nghiệp. Chuyên ngành: Khoa học đất 
245 0 |c Châu Thị Nhiên ; Châu Minh Khôi (Hướng dẫn Khoa học) 
260 |a Cần Thơ 
260 |b Đại học Cần Thơ 
260 |c 2011 
520 |a Đề tài giới thiệu tổng quan về nghề nuôi cá tra, đặc điểm môi trường ao nuôi thủy sản, xử lý nước thải trong đất ngập nước. 
650 |a Fish culture,Catfishes,Water quality management,Nuôi cá,Cá da trơn,Quản lý chất lượng nước 
904 |i Năm 
980 |a Trung tâm Học liệu Trường Đại học Cần Thơ